00556 2200253 4500001002100000008004100021035002000062245005200082100001700134110000600151250000600157260003300163300001200196020000600208022000600214024000600220084001000226520000600236082001200242650001700254863001300271990000900284990000900293INLIS000000000000219 ind  a0010-0919000039 aAirlanggabDrama Dalam Tiga BabakcSanoesi Pane aSanoesi Pane a0 a1 aJakartabBalai Pustakac1985 a0c21cm a0 a0 a0 aJAS k a0 a8X0.9.1 aKesusastraan a02-02-09 a2074 a2074